000 00891nam a2200253Ia 4500
003 OSt
005 20220926033241.0
006 a|||||r|||| 00| 0
007 ta
008 220923b |||||||| |||| 00| 0 eng d
020 _a9781137034045
_c3319.0900000000001
037 _b8227, 05/10/2017, Efficient Book Distributors
_cGeneral Book
040 _aRTL
_cRTL
_beng
041 _2eng
_aeng
082 _aV74:1941.P06, Q2
100 _aPHILIP George
_9338868
245 0 _aMexico's struggle for public security
_bOrganized crime and state response
260 _aU.K.
_bPalgrave Macmillan
_c2012
300 _axvii, 204p
_ccm.
500 _aBibliography: P247-275
700 _a BERRUECOS Susana
_9338869
942 _hV74:1941.P06, Q2
_cGB
_2CC
999 _c656508
_d656508